| 000 -LEADER |
| fixed length control field |
02941cam a22003252 b4500 |
| 001 - CONTROL NUMBER |
| control field |
9389332 |
| 003 - CONTROL NUMBER IDENTIFIER |
| control field |
Nust- CAS-E |
| 005 - DATE AND TIME OF LATEST TRANSACTION |
| control field |
20180118181402.0 |
| 006 - FIXED-LENGTH DATA ELEMENTS--ADDITIONAL MATERIAL CHARACTERISTICS |
| fixed length control field |
m d |
| 007 - PHYSICAL DESCRIPTION FIXED FIELD--GENERAL INFORMATION |
| fixed length control field |
cr n |
| 008 - FIXED-LENGTH DATA ELEMENTS--GENERAL INFORMATION |
| fixed length control field |
091209e20100723xxka s|||||||| 2|eng|d |
| 020 ## - INTERNATIONAL STANDARD BOOK NUMBER |
| International Standard Book Number |
9781439830994 |
| 020 ## - INTERNATIONAL STANDARD BOOK NUMBER |
| International Standard Book Number |
1439830991 |
| Terms of availability |
USD 249.95 Retail Price |
| 024 3# - OTHER STANDARD IDENTIFIER |
| Standard number or code |
9781439830994 |
| 035 ## - SYSTEM CONTROL NUMBER |
| System control number |
(WaSeSS)ssj0000614823 |
| 037 ## - SOURCE OF ACQUISITION |
| Source of stock number/acquisition |
00719630 |
| 040 ## - CATALOGING SOURCE |
| Original cataloging agency |
BIP US |
| Modifying agency |
WaSeSS |
| Transcribing agency |
0 |
| 050 #4 - LIBRARY OF CONGRESS CALL NUMBER |
| Classification number |
TD885.5.C3.D484 2010 |
| 082 00 - DEWEY DECIMAL CLASSIFICATION NUMBER |
| Classification number |
628.5 |
| Edition number |
22 |
| Author Mark |
DEV 2010 |
| 210 10 - ABBREVIATED TITLE |
| Abbreviated title |
Developments and Innovation in Carbon Dioxide (Co2) Capture and Storage Technology |
| 245 00 - TITLE STATEMENT |
| Title |
Developments and Innovation in Carbon Dioxide (Co2) Capture and Storage Technology |
| Medium |
[electronic resource] |
| 260 ## - PUBLICATION, DISTRIBUTION, ETC. |
| Place of publication, distribution, etc. |
Abingdon : |
| Name of publisher, distributor, etc. |
CRC Press |
| Date of publication, distribution, etc. |
July 2010 |
| 506 ## - RESTRICTIONS ON ACCESS NOTE |
| Terms governing access |
License restrictions may limit access. |
| 520 8# - SUMMARY, ETC. |
| Summary, etc. |
Annotation |
| Expansion of summary note |
The fossil-fuel power sector and energy-intensive industries are major producers of carbon dioxide (CO2) emissions, contributing to rising global CO2 levels that have been linked to climate change. CO2 capture and storage (CCS) technology is therefore being developed for application to power plants and in CO2-intensive industries to reduce the carbon footprint of these activities and mitigate the potentially harmful effects of climate change. Developments and innovations in this field are aimed at increasing the effectiveness and lowering the cost of capture and at verifying the safety and efficacy of storage/sequestration. CO2 capture options range from post- and pre-combustion separation to advanced combustion-based options, which are applicable to both new-build power plants and as a retrofit to existing plants, and can also be adopted in other industries. CO2 storage options range from geological sequestration in deep saline aquifers and utilization of CO2 for enhanced oil and gas recovery to mineral carbonation and biofixation. Drawing on a distinguished international team of contributors, this comprehensive reference explores the state of the art of research, development, and demonstration of CCS technology in the power sector industry. It reviews the economics, regulation, and planning of CCS for power plants and industry and examines developments and innovation in post- and pre-combustion and advanced combustion processes and technologies for CO2 capture in power plants. This coverage is extended with sections on CO2 compression, transport, and injection as well as industrial applications of CCS technology, including in the cement, concrete, iron, and steel industries. |
| 700 1# - ADDED ENTRY--PERSONAL NAME |
| Personal name |
Maroto-Valer, M. M. |
| Relator term |
Editor |
| Relator code |
edt |
| 773 #0 - HOST ITEM ENTRY |
| Title |
Woodhead Publishing Materials and Engineering Collection |
| 856 40 - ELECTRONIC LOCATION AND ACCESS |
| Uniform Resource Identifier |
<a href="http://www.columbia.edu/cgi-bin/cul/resolve?clio9389332">http://www.columbia.edu/cgi-bin/cul/resolve?clio9389332</a> |
| Public note |
Full text available from Woodhead Publishing Materials and Engineering Collection |
| 910 ## - USER-OPTION DATA (OCLC) |
| User-option data |
Bowker Global Books in Print record |
| 942 ## - ADDED ENTRY ELEMENTS (KOHA) |
| Source of classification or shelving scheme |
|
| Koha item type |
Book |